00502nam a2200193 a 4500001001300000003000900013005001700022008004100039020002300080082001500103100002400118245002800142260003300170300000900203500003500212505001800247650001900265700002400284nice12345678IN_TiNIC20260116015003.0050524s1973 onta grp 000 0 eng  a0836153 c10000a248.4bSCH aSchlabach, Gerald W aAnd Who Is My Neighbour aOntariobHerald Press c1973 a212p aincludes index and biblioraphy2 aSubject Index aChristian-Life1 aSchlabach, Gerald W